[Event "RUS-ch Rapid 2021"]
[Site "Sochi"]
[Date "2021.10.12"]
[Round "2.22"]
[White "Vlassow, Valentin"]
[Black "Savchenko, Boris"]
[Result "1-0"]
[WhiteElo "2238"]
[BlackElo "2535"]
[Annotator "TA"]
[PlyCount "139"]
[EventDate "2021.10.12"]
[EventType "swiss"]
[EventCountry "RUS"]
[SourceTitle "playchess.com"]
[Source "ChessBase"]
[SourceQuality "1"]

{[%evp 18,139,0,2,27,-3,28,24,38,0,8,15,13,0,0,0,44,42,41,14,110,95,391,389,
601,600,570,277,277,276,285,276,245,140,158,150,273,273,273,281,277,270,289,
288,270,273,264,252,254,246,279,266,269,259,313,171,170,162,372,365,341,325,
314,308,289,240,273,265,308,178,178,178,171,164,196,191,4689,4627,4689,4689,
4689,4666,4678,4663,4648,4664,4666,273,4662,4656,2346,4634,4634,4634,4710,4648,
4641,4627,4627,4626,4626,4625,4611,4604,4604,4594,4569,4562,3485,0,1257,0,1174,
1141,1004,571,467,0,0,0,0,0,0,0]} 1. e4 c5 2. Nf3 d6 3. Bb5+ Bd7 4. Bxd7+ Qxd7
5. O-O Nf6 6. Re1 Nc6 7. c3 e6 8. d4 cxd4 9. cxd4 d5 10. e5 Ng8 {B52: Sicilian:
Moscow Variation with 3...Bd7.} 11. b3 {[#]} b5 $146 ({Predecessor:} 11... h5
12. Ba3 Bxa3 13. Nxa3 Nge7 14. Qd2 Nf5 15. Rac1 Qe7 16. Nc2 O-O 17. g3 Rfc8 18.
Kg2 {1/2-1/2 (28) Hernandez Guerrero,G (2557)-Delgado Ramirez,N (2634)
Montevideo 2020}) 12. Nc3 a6 {White has an edge.} 13. a4 Rb8 14. axb5 axb5 15.
Qe2 Qb7 16. Be3 Nge7 (16... Bb4 $5 {[%cal Rb4c3]} 17. Rec1 Nge7 $11) 17. Rec1
h6 18. Ne1 Kd7 (18... b4 $11 {keeps the balance.} 19. Nd1 Nf5) 19. Qf3 {
aiming for Nd3.} Nf5 $2 {[%mdl 8192]} (19... Ke8 $16) 20. Nxd5 $18 Ncxd4 (20...
Be7 $142 21. Nxe7 Ncxe7) 21. Bxd4 {White wants to mate with Nb6+.} Qxd5 {[#]}
22. Ra7+ (22. Qc3 $142 $1 {White threatens Qc7+ and mate.} Ke8 23. Ba7) 22...
Ke8 23. Qxd5 exd5 24. Nf3 h5 25. Rcc7 (25. Be3 $18) 25... Rh6 $16 26. h3 $40 {
[%mdl 128] White goes for the king.} Re6 (26... Ne7 $16 {might work better.}
27. Rab7 Rxb7 28. Rxb7 Rc6) 27. Rxf7 $18 Nxd4 28. Nxd4 Rxe5 29. Nf5 g5 {[#]}
30. Ng7+ $1 Bxg7 31. Rxg7 {[%cal Rg7g8][%mdl 4096] Endgame KRR-KRR} Kf8 32. Rh7
{[%cal Rh7h8]} Kg8 33. Rxh5 Rf8 34. h4 Re1+ 35. Kh2 gxh4 36. Rxd5 (36. Rg5+
$142 Kh8 37. Rxd5) 36... Rxf2 37. Rxb5 Ree2 $2 (37... Rf7 38. Ra4 Re2 39. Rxh4
Rff2) 38. Rb8+ Rf8 39. Rb4 Rff2 40. Rg4+ (40. Rxh4 Rxg2+ 41. Kh1 Rb2 $11) 40...
Kf8 41. Rh7 ({And not} 41. Rxh4 Rxg2+ 42. Kh1 Kg8 $11) 41... Rb2 42. b4 ({
Inferior is} 42. Rgxh4 Rxg2+ 43. Kh3 Rh2+ 44. Kg4 Rxh4+ 45. Rxh4 Rxb3 $11) ({
Less strong is} 42. Rhxh4 Rxb3 43. Rh6 Rbb2 $14) 42... Rb3 43. Rhxh4 (43. Rgxh4
$142 Rbb2 44. Rg4) 43... Rfb2 44. Rh8+ Kf7 45. Rb8 Rf3 46. Rb6 Rfb3 $2 (46...
Rf1 47. Rg5 Re1) 47. Rc4 {Intending Rc7+ and mate.} Ke8 48. Rb7 {[%cal Rc4c8]}
Kd8 49. Rg4 {[%cal Rg4g8]} Kc8 50. Rf7 {[%cal Rg4g8]} Rd2 51. Rg8+ Rd8 52.
Rxd8+ Kxd8 {KR-KR} 53. Rf4 Ke7 54. g3 Ke6 55. Kh3 Kd5 56. Kh4 Ke5 57. Rc4 Kd5
58. Rg4 Ke6 59. Rg6+ Kd7 60. Rb6 Kc7 61. Rb5 Kc6 62. Rc5+ Kd6 63. Rc4 (63. g4
$142 Rxb4 64. Rf5) 63... Kd5 64. Rg4 Ke6 $1 65. Kg5 Ke5 66. Kg6 Ke6 67. Kg7 $2
({Better is} 67. Kh6 $18 {Kh5 is the strong threat.} Kd6 68. Kh5) 67... Kf5 $1
$11 {[%cal Rf5g4] The position is equal.} 68. Rg6 Rxb4 69. Kh6 {Black must now
prevent Kh5.} Rg4 70. Rxg4 {[%mdl 32768] Weighted Error Value: White=0.24/
Black=0.46. Loss on time!?} 1-0

[Event "RUS-ch Rapid 2021"]
[Site "Sochi"]
[Date "2021.10.12"]
[Round "2.23"]
[White "Pridorozhni, Aleksei"]
[Black "Radzhabov, Rodion"]
[Result "1-0"]
[WhiteElo "2564"]
[BlackElo "2361"]
[Annotator "TA"]
[PlyCount "113"]
[EventDate "2021.10.12"]
[EventType "swiss"]
[EventCountry "RUS"]
[SourceTitle "playchess.com"]
[Source "ChessBase"]
[SourceQuality "1"]

{[%evp 17,113,0,31,2,16,-5,0,-8,-7,-11,-6,-20,-16,-27,-19,-24,-20,-23,-20,-30,
13,16,18,0,0,0,15,18,19,10,10,11,10,10,10,10,10,10,10,10,10,10,16,10,10,10,32,
20,32,18,34,34,24,32,36,0,40,0,0,0,0,0,27,38,66,59,86,33,33,41,36,38,77,68,129,
136,145,145,157,150,211,133,124,172,115,185,202,162,29983,29984,29985,29986,
29986,29987,29987,29986,29986,29987]} 1. e4 c5 2. Nc3 e6 3. Nf3 Nc6 4. Bb5 Nge7
5. O-O a6 6. Bxc6 Nxc6 7. d4 cxd4 8. Nxd4 Qc7 9. Re1 d6 10. Bg5 {B30: Sicilian:
2...Nc6 3 Bb5, lines without ...g6.} h6 11. Bh4 {White wants to play Nd5.} Ne5
{[#]} 12. Qh5 $146 {The position is equal.} ({Predecessor:} 12. f4 g5 13. fxe5
gxh4 14. exd6 Bxd6 15. e5 Bc5 16. b4 Bxb4 17. Ne4 Qxe5 18. Nf3 {0-1 (34)
Quesada Perez,Y (2519)-Otero Acosta,D (2456) Santa Clara 2015}) 12... g6 13.
Qe2 Bg7 14. Rad1 O-O {And now ...Nc4 would win.} 15. Nb1 b5 16. Nd2 Bb7 17. c3
Rac8 18. f4 Nc4 19. Nxc4 Qxc4 20. Qxc4 Rxc4 21. Be7 {[%mdl 64] Double Attack}
Re8 22. Bxd6 e5 23. fxe5 Bxe5 24. Nf3 Bxd6 25. Rxd6 Rcxe4 26. Rxe4 Rxe4 $11 {
[%mdl 4096] Endgame KRB-KRN} 27. Rb6 Re7 28. Nd4 Kg7 29. Kf2 Bc8 30. g3 h5 31.
a3 f6 32. Rc6 Bb7 33. Ne6+ Kh6 34. Rd6 Bc8 $1 {[%cal Rc8e6]} 35. Nf4 Kg7 36.
Rd8 Bb7 37. b3 {[%cal Bb2b3,Bb3c4,Bc4c5,Bc5c6][%mdl 32]} Kf7 38. c4 bxc4 39.
bxc4 Bc6 40. Rd6 Bb7 41. c5 Bc8 42. Rc6 (42. c6 $1 $16) 42... Bg4 $14 43. h3
Bf5 44. Rxa6 Rb7 45. c6 Rb2+ (45... Re7 $14) 46. Ke3 $1 $16 Rb3+ {[#]} 47. Kd4
$1 Rxg3 48. Ra7+ Ke8 (48... Kf8 $16 {was worth a try.} 49. c7 h4) 49. Nd5 Rxh3
50. Nxf6+ Kf8 {[#]} 51. Nd5 $1 {[%cal Rd5e7]} Rg3 52. Ke5 {Black must now
prevent Kf6.} h4 $2 (52... Rf3 $18 53. a4 Rf2) 53. Kf6 {White mates.} Kg8 54.
Ne7+ {[%mdl 64] Double Attack} Kh8 55. Nxf5 gxf5 56. Ra8+ Kh7 57. c7 {Weighted
Error Value: White=0.08/Black=0.25} 1-0

[Event "RUS-ch Rapid 2021"]
[Site "Sochi"]
[Date "2021.10.12"]
[Round "2.24"]
[White "Chizhikov, Vladislav"]
[Black "Triapishko, Alexandr"]
[Result "0-1"]
[WhiteElo "2279"]
[BlackElo "2506"]
[Annotator "TA"]
[PlyCount "115"]
[EventDate "2021.10.12"]
[EventType "swiss"]
[EventCountry "RUS"]
[SourceTitle "playchess.com"]
[Source "ChessBase"]
[SourceQuality "1"]

{[%evp 13,115,6,10,10,14,-58,-59,-75,-64,-45,-16,-47,-37,-51,-59,-59,-56,-70,
-59,-64,-60,-117,-93,-156,-150,-170,-147,-152,-117,-127,-116,-132,-106,-114,
-97,-93,-42,-34,-43,-56,-24,-22,-20,-25,-14,-12,-16,-14,-5,-80,-63,-106,-82,
-129,-134,-212,-215,-286,-267,-346,-235,-395,-397,-396,-388,-350,-129,-471,
-450,-699,-415,-506,-520,-1127,-1123,-905,-34,-41,-50,-270,-45,-60,-8,-8,0,0,0,
0,0,0,0,0,8,8,8,8,8,8,8,8,8,8,8,0]} 1. e4 c6 2. d4 d5 3. Nc3 dxe4 4. Nxe4 Bf5
5. Ng3 Bg6 6. h4 h6 7. Nh3 Nf6 8. Nf4 {B18: Classical Caro-Kann: 4...Bf5
sidelines.} Bh7 9. Bd3 (9. c3 $11) 9... Qxd4 $15 10. Be3 {Black is slightly
better.} Qd6 {[#]} 11. Qe2 $146 ({Predecessor:} 11. Qf3 Bxd3 12. O-O-O Nbd7 13.
Rxd3 Qc7 14. Rc3 e6 15. Ngh5 Ne5 16. Qe2 O-O-O 17. Nxf6 gxf6 {1/2-1/2 (67)
Pasedag,P (2097)-Riegler,M (1583) Bad Wiessee 2012}) 11... Nd5 12. Nxd5 Bxd3
13. Qxd3 {And now Nf4 would win.} cxd5 14. Nf5 Qd7 15. O-O-O e6 16. Rhe1 Nc6
17. Bd4 ({White should play} 17. Bf4 $15) 17... Rg8 18. Qg3 {[#]} ({Better is} 
18. Bc3) 18... O-O-O $1 $17 19. Ne3 Bd6 20. Qf3 e5 21. Bc3 d4 22. Nf5 Kb8 23.
Bd2 Bc7 24. g4 Qd5 (24... Ne7 $17 25. Kb1 Nxf5 26. gxf5 f6) 25. Qxd5 $15 Rxd5
26. Re4 Ba5 27. f4 f6 $36 {[%mdl 2048] Black fights for an advantage.} 28. fxe5
fxe5 29. Bxa5 Rxa5 30. a3 Rc5 31. Kd2 (31. b4 $11 {remains equal.} Rd5 32. Kb1)
31... b5 32. Rf1 a5 {[%cal Ba7a5,Ba5a4][%mdl 32]} 33. Ng3 a4 34. Rf7 (34. Kc1
$17 {is a better defense.}) 34... Na5 $19 35. Nf5 Rgc8 36. Ke1 Nc4 37. Rxg7 $2
(37. Re7) 37... Nxb2 {[%mdl 64] Discovered Attack} 38. Nd6 R8c6 39. Nf7 d3 $2 (
{Not} 39... Rxc2 40. Nxe5 R6c3 41. g5 $19) (39... Rc7 $19 40. Rg8+ Ka7) 40.
cxd3 {[%mdl 8192]} (40. Nxe5 $17 {nothing else works.} d2+ 41. Kxd2 Rxe5 {
[%mdl 64] Remove Defender, Deflection, Decoy} 42. Rxe5 (42. Rg8+ $2 Rc8 $19)
42... Nc4+ {[%mdl 64] Double Attack} 43. Kc3 Nxe5+ 44. Kb4) 40... Nxd3+ 41. Kd2
(41. Ke2 $142 Rc2+ 42. Kf3) 41... Rd5 {( -> ...Nf4+)} 42. g5 hxg5 {Strongly
threatening ...Nf4+.} 43. h5 (43. Rg8+ $142 Kc7 44. Rd8 Rxd8 45. Nxd8) 43...
Nf4+ 44. Ke1 Nxh5 $2 (44... Rc1+ $19 45. Kf2 Rd2+ 46. Kf3 g4+ {[%mdl 64] Decoy}
47. Kxg4 Rg2+ 48. Kf5 Rxg7) 45. Rxg5 $15 Rc1+ 46. Kf2 $2 {[#]} ({White has to
play} 46. Ke2 $15) 46... Rd2+ $2 (46... Nf6 $1 $19 {[%cal Rf6e4]} 47. Re1 Rc3)
47. Ke3 Rd7 (47... Ra2 $15 48. Rexe5 Rc3+ 49. Ke4 Re2+ 50. Kd5 Nf4+ 51. Kd6
Rd2+ 52. Ke7 Kc7 53. Rxb5 Re2+ 54. Ne5 Nd3) 48. Nxe5 $11 {The position is
equal.} Rh7 49. Nd3 Rb1 50. Ree5 Nf6 51. Rxb5+ Rxb5 52. Rxb5+ Rb7 53. Rxb7+
Kxb7 {KN-KN} 54. Nc5+ Kc6 55. Nxa4 Kb5 56. Nb2 Nd5+ 57. Kd4 $1 {[%cal Rd4d5]}
Nb6 58. a4+ {[%mdl 32768] White happily takes the draw.  Weighted Error Value:
White=0.50/Black=0.43. Loss on time!?} 0-1

[Event "RUS-ch Rapid 2021"]
[Site "Sochi"]
[Date "2021.10.12"]
[Round "3.1"]
[White "Artemiev, Vladislav"]
[Black "Ivlev, Aleksey"]
[Result "1/2-1/2"]
[WhiteElo "2699"]
[BlackElo "2315"]
[Annotator "TA"]
[PlyCount "116"]
[EventDate "2021.10.12"]
[EventType "swiss"]
[EventCountry "RUS"]
[SourceTitle "playchess.com"]
[Source "ChessBase"]
[SourceQuality "1"]

{[%evp 9,116,18,21,25,21,8,43,51,53,23,28,20,35,19,65,45,68,24,35,8,16,16,45,
44,39,52,42,60,52,12,73,56,100,56,63,49,63,58,77,77,71,50,71,62,95,83,95,93,96,
95,97,67,95,62,97,47,87,31,82,19,20,16,25,-15,-8,-17,-15,-14,-18,-18,45,0,0,
-103,-67,-85,0,-26,0,-37,0,-34,-18,-45,-38,-96,-96,-110,-98,-218,-227,-225,
-104,-399,-390,-384,-384,-334,-220,-329,-164,-164,-147,-185,-181,-185,-116,
-105,-60]} 1. c4 c6 2. Nf3 d5 3. e3 Nf6 4. Qc2 g6 5. b3 {[%cal Bb2b3,Bb3b4]
[%mdl 32]} Bg7 6. Bb2 {A11: English Opening: 1...c6.} O-O 7. Be2 a5 {7...c5
gains popularity.} 8. O-O {[#] White is slightly better.} a4 $146 ({
Predecessor:} 8... Na6 9. a3 Qb6 10. d3 Bf5 11. Nbd2 Rfd8 12. Rac1 Rac8 13. h3
Ne8 14. Bxg7 Nxg7 {1/2-1/2 (36) Papin,V (2510)-Sardana,R (2356) Chennai 2013})
9. b4 Bf5 10. d3 Na6 11. a3 b5 12. Qc1 Rc8 13. Nc3 Nc7 14. Rd1 Bg4 15. Ne5 Bd7
16. Bf3 Nfe8 17. Ne2 Nd6 18. cxd5 cxd5 19. Qd2 e6 (19... f6 $11 {remains equal.
} 20. Nxd7 Qxd7) 20. Rac1 $16 f6 21. Nxd7 Qxd7 22. Bd4 Nf5 23. Bc5 Rfe8 24. g3
Na6 25. Bg4 Nd6 26. Nf4 {Black must now prevent Bxe6+.} f5 27. Be2 Nf7 28. d4
Ng5 29. f3 Nf7 30. Rc2 Rb8 31. h4 Red8 32. Kg2 Bf6 33. Bf1 ({Better is} 33. Nd3
$16) 33... Bg7 (33... Nc7 $14) 34. Qe1 ({White should try} 34. Nd3 $16) 34...
Nc7 $11 {[%cal Ba6c7,Bc7e8,Be8d6,Bd6c4][%mdl 32]} 35. Rcd2 Ne8 36. Kh2 Ned6 37.
Re2 Nc4 38. e4 Re8 39. Rd3 Rbd8 (39... Bh6 $11) 40. Bh3 Bh6 41. exf5 (41. h5
$11) 41... exf5 $17 42. Ne6 {[#]} Rc8 (42... Bd2 $1 $17 {[%cal Rd2e1]} 43.
Rdxd2 Nxd2) 43. g4 $1 $11 Ncd6 (43... Bd2 {is interesting.} 44. Rdxd2 Nxd2 45.
Kg2 fxg4 46. Bxg4 Nh6) 44. Kg2 Kh8 45. Bxd6 Nxd6 46. g5 Bg7 47. Nc5 (47. Kh1
$15) 47... Rxe2+ $17 48. Qxe2 {[#]} Re8 $1 {[%mdl 512]} 49. Re3 (49. Qf2 $17
Qe7 50. f4) 49... Rxe3 $19 50. Qxe3 {[#]} Qe8 (50... Nc4 $1 $19 {[%mdl 512]}
51. Qe2 Qf7) 51. Ne6 $2 {[%mdl 8192]} (51. Kf2 $17) 51... Kg8 {Hoping for ...
Kf7.} 52. Kf2 Nc4 53. Qe2 {and the idea f4 leaves White hopeful.} Nxa3 {
Strongly threatening ...Kf7.} 54. f4 (54. Nxg7 $142 Qxe2+ 55. Kxe2 Kxg7 56. Kd3
) 54... Nc2 55. Qxc2 Qxe6 56. Bg2 Bxd4+ 57. Kf1 {Now Qc7 and White clings on.}
Kf8 (57... Kh8 $19 {And now ...a3 would win.} 58. Qc7 a3 59. Qb8+ Qg8 60. Qxg8+
Kxg8) 58. Qc7 $17 Qe3 {[%csl Gd4][%cal Re3f2] Weighted Error Value: White=0.29/
Black=0.23} 1/2-1/2

[Event "RUS-ch Rapid 2021"]
[Site "Sochi"]
[Date "2021.10.12"]
[Round "3.2"]
[White "Antipov, Mikhail Al."]
[Black "Makarian, Rudik"]
[Result "0-1"]
[WhiteElo "2619"]
[BlackElo "2470"]
[Annotator "TA"]
[PlyCount "94"]
[EventDate "2021.10.12"]
[EventType "swiss"]
[EventCountry "RUS"]
[SourceTitle "playchess.com"]
[Source "ChessBase"]
[SourceQuality "1"]

{[%evp 11,94,20,19,31,36,45,50,60,47,52,71,29,60,52,78,62,47,35,54,65,55,61,60,
25,25,21,24,23,50,-73,-37,-21,-34,-54,-39,-52,-62,-62,-49,-84,-79,-87,-64,-148,
-152,-171,-151,-131,-39,-31,-33,-33,-32,-605,-592,-572,-609,-604,-603,-585,
-556,-723,-723,-874,-834,-29963,-29969,-29963,-29969,-29962,-5065,-1213,-1111,
-1012,-1012,-1012,-995,-983,-937,-29977,-29978,-29972,-12273,-6135,-5202]} 1.
e4 c5 2. Nf3 d6 3. d4 cxd4 4. Nxd4 Nf6 5. Nc3 a6 6. Be3 e6 7. a3 {B80:
Sicilian Scheveningen: 6 g3 and 6 Be3, including English Attack.} b5 8. g4 e5
9. Nf5 {White is slightly better.} g6 {[#]} 10. Bg2 $146 ({Predecessor:} 10.
Nd5 Nbd7 11. Ng3 Bb7 12. Nc3 Nb6 13. g5 Nfd7 14. h4 Qc7 15. Bh3 Nc5 16. O-O {
1/2-1/2 (34) Evers,U-Krabbe,W DDR 1981}) 10... h6 {[#]} (10... gxf5 $2 11. exf5
Bxf5 12. gxf5 $18 (12. Bxa8 Bxg4 13. Bf3 Be6 $16)) 11. h3 $1 Nc6 (11... gxf5 $2
12. exf5 Nc6 13. Bxc6+ Bd7 14. Bxa8 $18) (11... d5 12. Nxd5) 12. Ng3 Be6 13.
Qd2 Rc8 14. O-O h5 15. g5 {[%cal Rg5f6]} Nh7 16. h4 f6 17. gxf6 Nxf6 18. Nd5 {
Threatens to win with Bb6.} Bg7 19. Rad1 {Hoping for Nb6.} O-O 20. Nxf6+ (20.
Bg5 $14) 20... Qxf6 21. Bg5 (21. Qxd6 Rfd8 $17) 21... Qf7 22. c3 Bf6 23. f4
exf4 24. Rxf4 Qa7+ 25. Kh1 Be5 26. Ne2 Na5 27. Qe1 (27. Rdf1 $15) 27... Bg4 (
27... Bxf4 28. Nxf4 Rfe8 29. Rxd6 $16) 28. Rd3 Nc4 ({Don't take} 28... Bxf4 29.
Nxf4 Nc4 30. Nxg6 $11) 29. b3 Bxf4 ({Black should try} 29... Bxe2 $17 30. Rxf8+
Rxf8 31. Qxe2 Nxa3) 30. Nxf4 $15 Ne5 {White must now prevent ...Rxf4.} ({
Don't blunder} 30... Nxa3 $2 31. Rxd6 Rxf4 32. Bxf4 $18) 31. Rxd6 Qc5 32. Be7 {
[%mdl 8192] This costs White the game.} Rxf4 $19 33. Rxg6+ Nxg6 34. Bxc5 Rxc5
35. Qd2 {Qd6 is the strong threat.} Re5 36. Qd6 Kg7 37. c4 bxc4 38. bxc4 Bf3
39. Bxf3 Rxf3 40. c5 Rf6 (40... Rf4 $142 41. Qd7+ Re7 42. Qd4+ Kh7 43. Qd5
Rxh4+ 44. Kg1 Rexe4 45. c6 Rc4 46. Qd8 Rc1+ 47. Kg2 Rc2+ 48. Kg1 Kh6 49. Qd6
Rg4+ 50. Kf1 Rf4+ 51. Kg1 Re4 52. Kf1 Rh4 53. Kg1 Rg4+ 54. Kf1 Rgc4 55. Qe6 Rh4
56. Kg1 Rd4 57. Qe1 Nf4 58. Kh1 Rdd2 59. Qg1 Rg2 60. Qxg2 Rxg2 61. c7 Rc2 62.
Kg1 h4 63. a4 h3 64. c8=Q Rxc8 65. Kf2 Rc3 66. Ke1 Rc2 67. Kd1 Rg2 68. Kc1 h2
69. Kd1 h1=Q#) 41. Qd4 Rc6 42. Qd7+ Ne7 43. Qd4 Rcxc5 44. a4 a5 45. Qb2 Ng6 46.
Qd4 Rc7 (46... Rc1+ $142 47. Kg2 Re1 48. Qd8 R1xe4 49. Qc7+ Ne7 50. Kf2 Kh6 51.
Qc1+ Kg6 52. Kg2 Rxa4 53. Qd1 Rg4+ 54. Kf2 Nf5 55. Qf3 Rxh4 56. Qc6+ Kg5 57.
Qb6 Rf4+ 58. Kg1 Re1+ 59. Kh2 Rd4 60. Qb2 Rh4+ 61. Kg2 Ne3+ 62. Kf2 Nd1+ {
[%mdl 64] Double Attack} 63. Kxe1 Nxb2 64. Ke2 Rc4 65. Kf3 a4 66. Ke3 a3 67.
Kf3 a2 68. Kg2 a1=Q 69. Kg3 Qg1+ 70. Kf3 Rf4+ 71. Ke2 Qf2#) 47. Kg1 Rf7 {
Weighted Error Value: White=0.60/Black=0.33} 0-1

[Event "RUS-ch Rapid 2021"]
[Site "Sochi"]
[Date "2021.10.12"]
[Round "3.3"]
[White "Murzin, Volodar"]
[Black "Sarana, Alexey"]
[Result "0-1"]
[WhiteElo "2513"]
[BlackElo "2649"]
[Annotator "TA"]
[PlyCount "56"]
[EventDate "2021.10.12"]
[EventType "swiss"]
[EventCountry "RUS"]
[SourceTitle "playchess.com"]
[Source "ChessBase"]
[SourceQuality "1"]

{[%evp 9,56,0,6,4,-3,0,21,31,25,35,28,28,29,0,-11,-10,0,-40,0,-6,-4,-72,-64,
-82,-77,-111,-111,-116,-70,-161,-170,-172,-143,-150,-161,-169,-168,-170,-79,
-79,-53,-45,-52,-425,-427,-412,-422,-406,-371]} 1. e4 c5 2. Nc3 d6 3. d4 cxd4
4. Qxd4 Nc6 5. Qd2 g6 6. b3 {B23: Closed Sicilian: Lines without g3.} Bh6 7. f4
f5 8. Bb2 {The position is equal.} Nf6 9. Bd3 Qa5 10. exf5 Bxf5 {[#]} 11. Bxf5
$146 ({Predecessor:} 11. Nge2 O-O-O 12. O-O-O Rhe8 13. h3 e5 14. Bxf5+ gxf5 15.
Kb1 d5 16. Qd3 e4 17. Qe3 {0-1 (44) Ibarra Jerez,J (2558)-Sarana,A (2640)
Chess.com INT 2021}) 11... Qxf5 12. Nge2 O-O-O 13. O-O-O Rhe8 14. Kb1 e5 15.
Rhf1 {[#]} (15. Nd5 $11) 15... d5 $1 $17 16. h3 d4 17. Nb5 a6 18. g4 Qe6 {
Strongly threatening ...Ne4.} 19. Na3 (19. g5 $15 axb5 20. gxh6) 19... Ne4 $19
20. Qd3 exf4 {White must now prevent ...Nc5.} 21. Nxd4 Nxd4 22. Bxd4 {[#]} Bg7
$1 $36 {[%mdl 2560] Black is on the roll.} 23. c3 g5 24. Nc2 $17 Qg6 25. Kb2
Kb8 26. Rfe1 $2 {[%mdl 8192]} (26. Rde1 $15) 26... Bxd4 $19 ({Weaker is} 26...
Nf2 27. Qf1 $19) 27. Nxd4 Nf2 {[%mdl 64] Double Attack} 28. Qxg6 Nxd1+ {
Weighted Error Value: White=0.54/Black=0.13} 0-1

[Event "RUS-ch Rapid 2021"]
[Site "Sochi"]
[Date "2021.10.12"]
[Round "3.4"]
[White "Lysyj, Igor"]
[Black "Shubin, Kirill"]
[Result "1-0"]
[WhiteElo "2603"]
[BlackElo "2463"]
[Annotator "TA"]
[PlyCount "85"]
[EventDate "2021.10.12"]
[EventType "swiss"]
[EventCountry "RUS"]
[SourceTitle "playchess.com"]
[Source "ChessBase"]
[SourceQuality "1"]

{[%evp 19,85,18,22,13,15,8,5,9,17,15,75,60,133,127,121,84,81,142,115,94,139,
139,95,78,95,110,91,41,50,51,80,54,232,232,232,232,225,216,244,235,265,260,444,
440,471,364,327,167,168,162,174,178,184,184,253,251,241,247,279,258,539,525,
533,532,783,777,824,765]} 1. d4 e6 2. c4 Nf6 3. Nf3 b6 4. g3 Bb7 5. Bg2 Be7 6.
O-O O-O 7. Nc3 Ne4 8. Qc2 Nxc3 9. Qxc3 c5 10. Rd1 d6 11. Qd3 {Strongly
threatening Ng5. 11.d5 is becoming the main line. E19: Queen's Indian: Old
Main Line with 7...Ne4 8 Qc2 Nxc3 8 Qxc3.} Nc6 12. d5 exd5 13. cxd5 {The
position is equal.} Nb4 14. Qb1 $40 {[%mdl 128] [#] White mounts an attack.}
Bxd5 $146 {[#]} ({Avoid the trap} 14... Nxd5 $2 15. Ne1 $18) (14... f5 $11 {
remains equal.}) ({Predecessor:} 14... Bf6 15. a3 Na6 16. Nd2 Re8 17. Ne4 Be7
18. Nc3 Nc7 19. Qc2 a5 20. Bf4 h6 {1-0 (40) Roze,A (2501)-Gerbich,V (2461)
ICCF email 2013}) 15. a3 $1 $16 {[%cal Ba2a3,Ba3b4][%mdl 32]} Bb3 16. axb4 Bxd1
17. Qd3 Bxe2 18. Qxe2 Bf6 19. Be3 {[%mdl 1024] White has strong compensation.}
Re8 20. Qd2 a5 21. Ne1 Ra7 22. Bc6 Rf8 23. b5 d5 {Threatens to win with ...d4.}
24. Nf3 d4 25. Bf4 c4 $2 {Loses the game.} ({Black should play} 25... Be7 $14)
26. Be5 $18 c3 27. bxc3 dxc3 28. Qxc3 Bxe5 29. Nxe5 ({Less strong is} 29. Qxe5
Re7 $16) 29... Qf6 30. f4 g5 $2 (30... Re7 31. Rd1 Qf5) 31. fxg5 Qg7 32. Qd4
Re7 33. Nf3 (33. Re1 $142) 33... Qxd4+ 34. Nxd4 Rd8 35. Ra4 Re5 {[#]} 36. h4
Re3 (36... f6 {was called for.} 37. gxf6 Rd6) 37. Kf2 Rc3 38. g4 Rd6 39. h5 h6
$2 (39... Rd8 40. Ke2 Rc5) 40. gxh6 {White is clearly winning.} Rxh6 41. Nf5
Re6 42. Rd4 Rc2+ 43. Kf3 {Weighted Error Value: White=0.14/Black=0.39} 1-0